[Event "IECC CL6-1999.19"]
[Site "IECC email"]
[Date "1999.08.16"]
[Round "?"]
[White "Van der Meer, Robert"]
[Black "Bracey, Robert"]
[Result "1-0"]
[WhiteElo "1240"]
[BlackElo "1343"]
[PlyCount "39"]
[EventDate "1999.??.??"]
[EventType "tourn (corr)"]
[EventRounds "4"]
[SourceTitle "Corr 2008"]
[Source "ChessBase"]
[SourceDate "2008.06.24"]
[SourceVersion "1"]
[SourceVersionDate "2008.06.24"]
[SourceQuality "1"]

1. e4 e5 2. Nf3 Nc6 3. Bc4 Nf6 4. d3 Bc5 5. Bg5 b6 6. c3 d5 7. Bxd5 Qxd5 8. exd5 Nxd5 9. Qa4 Bb7 10. Nxe5 Nde7 11. Bxe7 Kxe7 12. Nxc6+ Bxc6 13. Qxc6 Rac8 14. 0-0 Rhe8 15. Re1+ Kf8 16. Rxe8+ Rxe8 17. Nd2 Bd6 18. Nc4 Re6 19. Nxd6 Rxd6 20. Qxc7 1-0

[Event "IECC CL5-1999.10"]
[Site "IECC email"]
[Date "1999.03.28"]
[Round "?"]
[White "Bracey, Robert"]
[Black "Mattila, Jarno"]
[Result "0-1"]
[WhiteElo "1385"]
[BlackElo "1510"]
[PlyCount "52"]
[EventDate "1999.??.??"]
[EventType "tourn (corr)"]
[EventRounds "4"]
[SourceTitle "Corr 2008"]
[Source "ChessBase"]
[SourceDate "2008.06.24"]
[SourceVersion "1"]
[SourceVersionDate "2008.06.24"]
[SourceQuality "1"]

1. e4 e5 2. Nf3 Nc6 3. Bc4 Bc5 4. c3 Nf6 5. d4 exd4 6. cxd4 Bb4+ 7. Bd2 Bxd2+ 8. Qxd2 Nxe4 9. Qe2 Qe7 10. Nc3 Nxc3 11. Qxe7+ Nxe7 12. bxc3 d5 13. Bb3 0-0 14. 0-0 c6 15. h4 Bf5 16. Nd2 Rfe8 17. Bc2 Bxc2 18. Nb3 Nf5 19. g3 Nd6 20. Nc5 Re7 21. g4 Ne4 22. Rfe1 Rae8 23. f3 Nxc5 24. Rec1 Be4 25. dxc5 Bxf3 26. Kf2 Bxg4 0-1

[Event "IECC CL5-1998.21"]
[Site "IECC email"]
[Date "1998.10.20"]
[Round "?"]
[White "Stoffers, Jeffrey"]
[Black "Bracey, Robert"]
[Result "1-0"]
[WhiteElo "1277"]
[BlackElo "1446"]
[PlyCount "47"]
[EventDate "1998.??.??"]
[EventType "tourn (corr)"]
[EventRounds "4"]
[SourceTitle "Corr 2008"]
[Source "ChessBase"]
[SourceDate "2008.06.24"]
[SourceVersion "1"]
[SourceVersionDate "2008.06.24"]
[SourceQuality "1"]

1. e4 e5 2. Nf3 d6 3. d4 Nf6 4. Nc3 Nc6 5. dxe5 Nxe5 6. Nxe5 dxe5 7. Qxd8+ Kxd8 8. Bg5 Ke8 9. Bc4 Bb4 10. 0-0 Bg4 11. Bxf6 gxf6 12. Nd5 Kf8 13. Nxb4 c5 14. Nd5 Be6 15. Bb3 Rd8 16. Nxf6 c4 17. Ba4 a6 18. c3 b5 19. Bc2 Kg7 20. Nh5+ Kg6 21. Ng3 Rhg8 22. Nf5 Bxf5 23. exf5+ Kf6 24. Rad1 1-0